| 000 | 00908cam a2200289 i 4500 | ||
|---|---|---|---|
| 999 |
_c4711 _d4711 |
||
| 001 | 850542 | ||
| 003 | TZ-ArACH | ||
| 005 | 20180611170722.0 | ||
| 008 | 780822s1972 bl 001 0 por | ||
| 010 | _a 78101635 | ||
| 020 | _a9788530975784 | ||
| 040 |
_aDLC _cDLC _dDLC |
||
| 043 | _as-bl--- | ||
| 050 | 0 | 0 |
_aKHD2921 _b.P38 |
| 082 | 0 | 0 | _a342/.81 |
| 100 | 1 |
_aPaulo, Vicente & Alexandrino, Marcelo _e(Eds) |
|
| 245 | 1 | 0 |
_aResumo de direito constitucional : descomplicado / _cVicente Paulo, & Marcelo Alexandrino |
| 250 | _a11ed. Edição Revista eatualizado | ||
| 260 |
_aGrupo Editora Nacional [Brasil] : _bSao Paolo, _c2017 |
||
| 300 |
_axxii. (457 p.) ; _c23 cm. |
||
| 500 | _aIncludes index and bibliography | ||
| 650 | 0 |
_aConstitutional law _zBrazil. |
|
| 710 | 1 | 2 |
_aBrazil. _tConstituição |
| 906 |
_a7 _bcbc _corignew _d3 _encip _f19 _gy-gencatlg |
||
| 942 |
_2lcc _cBOOK |
||